000 00401nam a2200157 i 4500
001 63810
003 ES-MaACL
005 20230906164956.0
007 t|
008 031217s1961 sp ||||1| spa d
100 1 _aFigueroa, Loida.
_950785
245 1 0 _aArenales /
_cLoida Figuerola.
260 _aBarcelona :
_bRumbos,
_c1961.
300 _a255 p. ;
_c24 cm.
852 _aES-MaACL
_jC-21918
_bR.50557
999 _c63810
_d63810